Perfiles Latinoamericanos /

Uloženo v:
Podrobná bibliografie
Korporativní autor: FLACSO, México
Médium: Kniha
Jazyk:Spanish
Vydáno: México: FLACSO
Témata:
Tagy: Přidat tag
Žádné tagy, Buďte první, kdo vytvoří štítek k tomuto záznamu!

MARC

LEADER 00000nam a22000007a 4500
003 cru CIDCACS/IIS
005 20200925161345.0
007 ta
008 170504| mx ||||| |||| 00| 0 spa d
999 |c 19269  |d 19269 
022 |a 01887653 
040 |c CRAI/IIS  |a CRAI/IIS 
090 |a REV0759 
110 2 |9 4505  |a FLACSO, México 
245 1 |a Perfiles Latinoamericanos /  |c Facultad Latinoamericana de Ciencias Sociales 
260 |a México:  |b FLACSO 
270 |a Camino al Ajusto 1.5 k, Col. Héroes de Padierna, 10740,  |d México, D.F.  |m canje@flacso.edu.mx  |m eusmu@flacso.edu.mx 
500 |a EXISTENCIAS : 1992 1 (1) 1993 2 (2-3) 1994 3 (4-5) 1995 4 (6-7) 1996 5 (8-9) 1997 6 (10-11) 1998 7 (12-136) 1999 8 (14-15) 2000 9 (16-17) 2001 10 (18-19) 2002 10 (20-21) 2003 10 (22-23-24) 2004 12 (25-26) 2006 13(27+ CD, 28) 2007 14(29) 15(30) 2008 16(31, 32) 
650 1 0 |9 243  |a ESTADO 
650 0 |9 3066  |a ASPECTOS POLITICOS 
650 1 0 |9 67  |a SISTEMAS POLITICOS 
942 |2 ddc  |c PP